Photoassimilate distribution in plants and crops : Source-sink relationships (Record no. 41048)
[ view plain ]
| 000 -LEADER | |
|---|---|
| fixed length control field | 00535nam a2200181Ia 4500 |
| 082 ## - DEWEY DECIMAL CLASSIFICATION NUMBER | |
| Classification number | 581.134 |
| Item number | ZAM |
| 100 ## - MAIN ENTRY--AUTHOR NAME | |
| Personal name | Schaffer, Arthur A |
| 245 #0 - TITLE STATEMENT | |
| Title | Photoassimilate distribution in plants and crops : Source-sink relationships |
| 260 ## - PUBLICATION, DISTRIBUTION, ETC. (IMPRINT) | |
| Place of publication | New York |
| Name of publisher | Marcel Dekker, Inc |
| Year of publication | 1996 |
| 650 ## - SUBJECT ADDED ENTRY--TOPICAL TERM | |
| Topical Term | Carbohydrate metabolism |
| 650 ## - SUBJECT ADDED ENTRY--TOPICAL TERM | |
| Topical Term | Growth analysis |
| 650 ## - SUBJECT ADDED ENTRY--TOPICAL TERM | |
| Topical Term | Photosynthesis |
| 650 ## - SUBJECT ADDED ENTRY--TOPICAL TERM | |
| Topical Term | Plant assimilation |
| 650 ## - SUBJECT ADDED ENTRY--TOPICAL TERM | |
| Topical Term | Starch synthesis |
| 700 ## - ADDED ENTRY--PERSONAL NAME | |
| Personal name | Zamski, Eli |
| 942 ## - ADDED ENTRY ELEMENTS (KOHA) | |
| Koha item type | Books |
| Withdrawn status | Lost status | Damaged status | Not for loan | Home library | Current library | Date acquired | Cost, normal purchase price | Full call number | Accession Number | Koha item type |
|---|---|---|---|---|---|---|---|---|---|---|
| RRII Library | RRII Library | 16/12/2021 | 250.00 | 581.134 ZAM | 21340 | Books |